ბათუმის შოთა რუსთაველის სახელმწიფო უნივერსიტეტის ბიბლიოთეკა

Nursing the Adult with a Specific Phisiological Disturbance (ბიბ.ჩანაწერი № 47443)

000 -LEADER
fixed length control field 00530nam a2200205Ia 4500
001 - CONTROL NUMBER
control field 14305
003 - CONTROL NUMBER IDENTIFIER
control field GE_BSU
008 - FIXED-LENGTH DATA ELEMENTS--GENERAL INFORMATION
fixed length control field 181216s||||||||xx |||||||||||||| ||und||
020 ## - INTERNATIONAL STANDARD BOOK NUMBER
International Standard Book Number 033344079X
040 ## - CATALOGING SOURCE
Transcribing agency GE_BSU
080 ## - UNIVERSAL DECIMAL CLASSIFICATION NUMBER
Universal Decimal Classification number 61
100 ## - MAIN ENTRY--PERSONAL NAME
Personal name Hunt,Patricia. Sendell, Bernice
245 ## - TITLE STATEMENT
Title Nursing the Adult with a Specific Phisiological Disturbance
260 ## - PUBLICATION, DISTRIBUTION, ETC.
Place of publication, distribution, etc. London
260 ## - PUBLICATION, DISTRIBUTION, ETC.
Name of publisher, distributor, etc. Macmillan
260 ## - PUBLICATION, DISTRIBUTION, ETC.
Date of publication, distribution, etc. 1987
300 ## - PHYSICAL DESCRIPTION
Extent 242p.30cm.
653 ## - INDEX TERM--UNCONTROLLED
Uncontrolled term Nursing the Adult with a Specific Phisiological Disturbance
942 ## - ADDED ENTRY ELEMENTS (KOHA)
Koha item type წიგნი
ეგზემპლარები
Withdrawn status Lost status Damaged status Not for loan Date acquired Barcode Date last seen Price effective from Koha item type
        2018-12-17 37599 2018-12-17 2018-12-17 წიგნი